[Event "Bundesliga 1415"]
[Site "Germany"]
[Date "2015.03.14"]
[Round "12.6"]
[White "Nielsen, Peter Heine"]
[Black "Hausrath, Daniel"]
[Result "1/2-1/2"]
[WhiteElo "2654"]
[BlackElo "2515"]
[PlyCount "64"]
[EventDate "2014.10.18"]
[EventType "team-tourn"]
[EventRounds "15"]
[EventCountry "GER"]
[SourceTitle "CBM 166"]
[Source "ChessBase"]
[SourceDate "2015.05.11"]
[SourceVersion "1"]
[SourceVersionDate "2015.05.11"]
[SourceQuality "1"]
[WhiteTeam "Baden-Baden"]
[BlackTeam "Muelheim Nord"]
[WhiteTeamCountry "GER"]
[BlackTeamCountry "GER"]

1. d4 Nf6 2. c4 g6 3. Nf3 Bg7 4. g3 0-0 5. Bg2 d6 6. 0-0 c6 7. Nc3 Qa5 8. e4 e5 9. h3 Nbd7 10. Re1 exd4 11. Nxd4 Re8 12. Be3 Ne5 13. Bf1 Be6 14. Nxe6 Rxe6 15. Kg2 Rae8 16. c5 dxc5 17. f4 Rd8 18. Qc2 Ned7 19. Bc4 Ree8 20. Qb3 Rf8 21. a4 Nb6 22. e5 Nfd5 23. Bxd5 cxd5 24. Bf2 d4 25. Ne4 a6 26. Nd6 Rd7 27. Rec1 Qb4 28. Qxb4 cxb4 29. Rd1 Nc8 30. Nxc8 Rxc8 31. Rxd4 Rxd4 32. Bxd4 Rd8 1/2-1/2

[Event "SWE-chT 1415 Elite"]
[Site "Sweden"]
[Date "2015.03.07"]
[Round "6"]
[White "Degerman, Lars"]
[Black "Nielsen, Peter Heine"]
[Result "1/2-1/2"]
[WhiteElo "2469"]
[BlackElo "2660"]
[PlyCount "51"]
[EventDate "2014.11.21"]
[EventType "team-tourn"]
[EventRounds "9"]
[EventCountry "SWE"]
[SourceTitle "EXT 2018"]
[Source "ChessBase"]
[SourceDate "2017.10.13"]
[SourceVersion "1"]
[SourceVersionDate "2017.10.13"]
[SourceQuality "1"]
[WhiteTeam "Farsta"]
[BlackTeam "Stockholm Rockaden"]
[WhiteTeamCountry "SWE"]
[BlackTeamCountry "SWE"]

1. Nf3 g6 2. g3 Bg7 3. d4 c5 4. c3 cxd4 5. cxd4 d5 6. Bg2 Nc6 7. Nc3 e6 8. 0-0 Nge7 9. e3 0-0 10. Bd2 b6 11. Qa4 Bb7 12. Rfc1 Nf5 13. Be1 Nd6 14. Nd2 Na5 15. Bf1 Re8 16. Qd1 Nac4 17. b3 Nxd2 18. Bxd2 e5 19. Nb5 exd4 20. Nxd4 Bxd4 21. exd4 Nf5 22. Bf4 Nd6 23. Bg2 Qe7 24. h4 Rac8 25. Qg4 Ne4 26. Qf3 1/2-1/2